Normal view MARC view
  • Cervantes-Barraza, Jonathan

Entry Nombre Personal

Number of records used in: 2

001 - NUMERO DE CONTROL

  • campo de control: 45000

003 - IDENTIFICADOR DE NUMERO DE CONTROL

  • campo de control: UPN

005 - FECHA Y HORA DE LA ÜLTIMA TRANSACCIÓN

  • campo de control: 20230117133343.0

008 - DATOS DE LONGITUD FIJA

  • campo de control de longitud fija: 220621|| acnnnaabn | a|a d

024 7# - OTROS IDENTIFICADORES NORMALIZADOS

  • Fuente: orcid
  • Número normalizado o código: 0000-0002-5708-8571

040 ## - FUENTE DE CATALOGACIÓN

  • Agencia original de catalogación: MX-MxUPN

100 1# - ENCABEZAMIENTO - NOMBRE PERSONAL

  • Nombre personal: Cervantes-Barraza, Jonathan

370 ## - LUGAR ASOCIADO

  • Associated country: México

371 ## - DIRECCIÓN

  • Address: El Centenario, Chilpancingo de los Bravo
  • City: Chilpancingo, Guerrero
  • Country: México

372 ## - CAMPO DE ACTIVIDAD

  • Field of activity: Ciencias
  • Field of activity: Matemáticas
  • Field of activity: Docencia

373 ## - GRUPO ASOCIADO

  • Associated group: Universidad Autónoma de Guerrero, Departamento de Matemáticas

374 ## - OCUPACIÓN

  • Occupation: Profesor universitario

375 ## - GÉNERO

  • Gender: masculino

377 ## - LENGUA ASOCIADA

  • Language code: spa

400 1# - VEÁSE - NOMBRE DE PERSONA

  • Personal name: Cervantes Barraza, Jonathan

670 ## - FUENTE EN LA QUE SE LOCALIZARON DATOS

  • Cita de la fuente: En recurso en línea Educación y humanismo, Vol. 23, no. 40 (ene.-jun. 2021):
  • Información localizada: página 1 (Jonathan Cervantes-Barraza)
  • Uniform Resource Identifier: http://revistas.unisimon.edu.co/index.php/educacion/article/view/4083/4992

902 ## - CATALOGADOR

  • Catalogador: RGJD/210622